000 01228nam a22002777a 4500
003 PE SENCICO BE
005 20251020182638.0
008 230621b |||||||| |||| 00| 0 eng d
040 _aPE SENCICO BE
_cPE SENCICO BE
041 _aspa
084 _aI
_aTOP
_a2018
_bP45
100 1 _91163
_aPérez de la Cruz, Carlos Andrés
_eautor
245 1 _aLevantamiento topográfico con drone para saneamiento físico legal de un terreno de 15 has en el cementerio Jardines de la Paz del distrito de Lurín /
_cCarlos Andrés Pérez de la Cruz
260 _aLima :
_c2018
300 _a127 h. :
_bil. col., diagrs. ;
_c29 cm.
502 _aMonografía de Titulación.-- Servicio Nacional de Capacitación para la Industria de la Construcción. Escuela Superior Técnica. Carrera Profesional Técnica en Topografía y Geodesía, 2018.
504 _aReferencias bibliográficas: h. 114.
650 1 4 _94
_aTopografía
650 2 4 _9116
_aLevantamiento topográfico
650 2 4 _9120
_aFotogrametría
650 2 4 _91164
_aDrones
650 2 4 _91165
_aCementerios
710 1 _aServicio Nacional de Capacitación para la Industria de la Construcción.
_bEscuela Superior Técnica
_91065
910 _bhfp
_chfp
942 _cMON
_2ddc
999 _c4203
_d4203